Normal view
MARC view
Entry Personal Name
001 - CONTROL NUMBER
- control field: 14657
003 - CONTROL NUMBER IDENTIFIER
- control field: OSt
005 - DATE AND TIME OF LATEST TRANSACTION
- control field: 20210903133101.0
008 - FIXED-LENGTH DATA ELEMENTS
- fixed length control field: 210903|| aca||aabn | a|a d
040 ## - CATALOGING SOURCE
- Original cataloging agency: OSt
- Transcribing agency: OSt
100 ## - HEADING--PERSONAL NAME
- Personal name: Spector, David L.
670 ## - SOURCE DATA FOUND
- Source citation: Work cat.: (OSt)0: Spector,David L.; Goldman,Robert D. 14656, Basic methods in microscopy :, c2006.
